NLSUI OPAC header image

Guidlines on Ph.D research in Management, Commerice and Economics: Also useful for M.Phil. research and minor and major research projects in social sciences (Record no. 110783)

MARC details
000 -LEADER
fixed length control field 00785nam a2200217Ia 4500
008 - FIXED-LENGTH DATA ELEMENTS--GENERAL INFORMATION
fixed length control field 180321s2005 xx 000 0 und d
020 ## - INTERNATIONAL STANDARD BOOK NUMBER
International Standard Book Number 978-81-922746-4-5
082 ## - DEWEY DECIMAL CLASSIFICATION NUMBER
Classification number 300.072 THO
100 ## - MAIN ENTRY--PERSONAL NAME
Personal name Thorat, Hansraj D
245 ## - TITLE STATEMENT
Title Guidlines on Ph.D research in Management, Commerice and Economics: Also useful for M.Phil. research and minor and major research projects in social sciences
260 ## - PUBLICATION, DISTRIBUTION, ETC.
Place of publication, distribution, etc. Pune
Name of publisher, distributor, etc. S.B. Patil Institute of Management
Date of publication, distribution, etc. 2005
300 ## - PHYSICAL DESCRIPTION
Extent 106
440 ## - SERIES STATEMENT/ADDED ENTRY--TITLE
Volume/sequential designation 1st Edition
650 ## - SUBJECT ADDED ENTRY--TOPICAL TERM
Topical term or geographic name entry element Introducion - research work
650 ## - SUBJECT ADDED ENTRY--TOPICAL TERM
Topical term or geographic name entry element Layout - Ph. D thesis
650 ## - SUBJECT ADDED ENTRY--TOPICAL TERM
Topical term or geographic name entry element Questionnaire preparation
650 ## - SUBJECT ADDED ENTRY--TOPICAL TERM
Topical term or geographic name entry element Synopsis - preparation
700 ## - ADDED ENTRY--PERSONAL NAME
Personal name Bisoyi, Padmalochana S.
700 ## - ADDED ENTRY--PERSONAL NAME
Personal name Penkar, Daniel J.
906 ## - LOCAL DATA ELEMENT F, LDF (RLIN)
a Complementary copy received on 31.10.2017
Holdings
Withdrawn status Lost status Damaged status Not for loan Collection code Home library Current library Shelving location Date acquired Total Checkouts Barcode Date last seen Price effective from Koha item type
          . .   31.10.2017   REP13076 29.03.2018 29.03.2018 Repository